[Event "HUN-chT2 Barcza 2324"]
[White "Kovacs, Marton"]
[Black "Toth, Antal Kazimierz"]
[Site "Hungary"]
[Round "8.8"]
[Result "1-0"]
[Date "2024.04.21"]
[WhiteElo "2127"]
[BlackElo "1609"]
[PlyCount "41"]
[EventDate "2023.10.08"]
[EventType "team-tourn"]
[EventRounds "9"]
[EventCountry "HUN"]
[SourceTitle "EXT 2025"]
[Source "ChessBase"]
[SourceDate "2024.10.14"]
[SourceVersion "1"]
[SourceVersionDate "2024.10.14"]
[SourceQuality "1"]
[WhiteTeam "Hajduboszormeny"]
[BlackTeam "Lillafured DVTK II"]
[WhiteTeamCountry "HUN"]
[BlackTeamCountry "HUN"]

1. d4 d5 2. c4 e6 3. Nc3 Nf6 4. Nf3 Nbd7 5. Bf4 a6 6. cxd5 exd5 7. e3 Bb4 8. Bd3 h6 9. h3 0-0 10. a3 Bxc3+ 11. bxc3 c5 12. 0-0 Re8 13. c4 b6 14. Rb1 Bb7 15. a4 a5 16. Qb3 Ba6 17. Rfd1 Rc8 18. Rbc1 Rc6 19. cxd5 c4 20. dxc6 cxb3 21. Bxa6 1-0

[Event "HUN-chT2 Barcza 2324"]
[White "Kovacs, Marton"]
[Black "Dani, Peter"]
[Site "Hungary"]
[Round "1.8"]
[Result "1/2-1/2"]
[Date "2023.10.08"]
[WhiteElo "2127"]
[BlackElo "1951"]
[PlyCount "60"]
[EventDate "2023.10.08"]
[EventType "team-tourn"]
[EventRounds "9"]
[EventCountry "HUN"]
[SourceTitle "EXT 2025"]
[Source "ChessBase"]
[SourceDate "2024.10.14"]
[SourceVersion "1"]
[SourceVersionDate "2024.10.14"]
[SourceQuality "1"]
[WhiteTeam "Hajduboszormeny"]
[BlackTeam "Karsol DSBK"]
[WhiteTeamCountry "HUN"]
[BlackTeamCountry "HUN"]

1. d4 Nf6 2. Bf4 c5 3. e3 e6 4. Nf3 Nc6 5. c3 d5 6. Nbd2 h6 7. Bd3 c4 8. Bc2 b5 9. 0-0 Bb7 10. b4 g5 11. Bg3 Bd6 12. a4 a6 13. Qe2 Ne7 14. axb5 axb5 15. Rxa8 Bxa8 16. Ra1 Bxg3 17. hxg3 Ne4 18. Nxe4 dxe4 19. Nd2 f5 20. Qh5+ Kf8 21. f3 exf3 22. e4 Bc6 23. gxf3 Qc7 24. f4 Be8 25. Qh3 gxf4 26. exf5 exf5 27. Rf1 fxg3 28. Bxf5 Kg7 29. Qg4+ Ng6 30. Nf3 Qf4 1/2-1/2

[Event "HUN-ch Rapid"]
[White "Prohaszka, Peter"]
[Black "Kovacs, Marton"]
[Site "Ajka"]
[Round "2"]
[Result "1-0"]
[Date "2023.07.21"]
[WhiteElo "2585"]
[BlackElo "2127"]
[PlyCount "73"]
[EventDate "2023.07.21"]
[EventType "swiss (rapid)"]
[EventRounds "13"]
[EventCountry "HUN"]
[SourceTitle "CBM 215 Extra"]
[Source "ChessBase"]
[SourceDate "2023.09.30"]
[SourceVersion "1"]
[SourceVersionDate "2023.09.30"]
[SourceQuality "1"]

1. Nf3 d5 2. g3 Nf6 3. Bg2 Bg4 4. 0-0 e6 5. c4 c6 6. Qb3 Qb6 7. d3 Nbd7 8. Qc2 Be7 9. Nbd2 0-0 10. h3 Bxf3 11. Nxf3 Rac8 12. Bf4 Bc5 13. Rab1 a5 14. a3 Nh5 15. b4 axb4 16. axb4 Be7 17. c5 Qd8 18. Bd2 e5 19. e4 d4 20. h4 Qc7 21. Bh3 Ra8 22. Kg2 Nhf6 23. Ra1 h5 24. Bg5 Rfe8 25. Bxd7 Qxd7 26. Nxe5 Qe6 27. Bxf6 Bxf6 28. Nc4 Bxh4 29. Qe2 Qg6 30. Ne5 Qe6 31. Qxh5 Rxa1 32. Rxa1 Bxg3 33. Rh1 Kf8 34. Nxf7 Qxf7 35. Kxg3 Qxh5 36. Rxh5 Ra8 37. Rh8+ 1-0

[Event "Puspokladany Arnoth Memorial 15th"]
[White "Donka, Peter"]
[Black "Kovacs, Marton"]
[Site "Puspokladany"]
[Round "5"]
[Result "0-1"]
[Date "2022.07.29"]
[WhiteElo "1961"]
[BlackElo "2125"]
[PlyCount "64"]
[EventDate "2022.07.27"]
[EventType "swiss"]
[EventRounds "9"]
[EventCountry "HUN"]
[SourceTitle "EXT 2023"]
[Source "ChessBase"]
[SourceDate "2022.10.05"]
[SourceVersion "1"]
[SourceVersionDate "2022.10.05"]
[SourceQuality "1"]

1. d4 d5 2. Nf3 Bf5 3. e3 e6 4. c4 c6 5. Nc3 Nf6 6. Nh4 Bg6 7. Nxg6 hxg6 8. g3 Nbd7 9. Qe2 Ne4 10. Nxe4 dxe4 11. Bg2 f5 12. 0-0 g5 13. f3 exf3 14. Bxf3 Nf6 15. Bd2 Be7 16. Bc3 Qd7 17. b4 Rh6 18. a4 0-0-0 19. a5 Rdh8 20. Rf2 g4 21. Bg2 Qc7 22. a6 b6 23. e4 Rxh2 24. e5 Nh5 25. Qe3 Nxg3 26. Qxg3 Bh4 27. Qd3 Bxf2+ 28. Kxf2 R8h3 29. Qc2 Qe7 30. Rg1 Qh4+ 31. Kf1 Rf3+ 32. Ke2 Qf2+ 0-1

[Event "Puspokladany Arnoth Memorial 15th"]
[White "Kovacs, Marton"]
[Black "Miszler, Levente"]
[Site "Puspokladany"]
[Round "4"]
[Result "0-1"]
[Date "2022.07.29"]
[WhiteElo "2125"]
[BlackElo "2243"]
[PlyCount "66"]
[EventDate "2022.07.27"]
[EventType "swiss"]
[EventRounds "9"]
[EventCountry "HUN"]
[SourceTitle "EXT 2023"]
[Source "ChessBase"]
[SourceDate "2022.10.05"]
[SourceVersion "1"]
[SourceVersionDate "2022.10.05"]
[SourceQuality "1"]

1. d4 e6 2. Bf4 Nf6 3. Nf3 d5 4. e3 c5 5. c3 Nc6 6. Nbd2 cxd4 7. exd4 Nh5 8. Bg5 f6 9. Bh4 Bd6 10. Bg3 Nf4 11. Bxf4 Bxf4 12. g3 Bc7 13. Bg2 0-0 14. 0-0 e5 15. dxe5 fxe5 16. Qb3 e4 17. Nd4 Kh8 18. Rad1 Bb6 19. Nxc6 bxc6 20. Qa4 Qf6 21. Kh1 Bxf2 22. Nxe4 dxe4 23. Qxe4 Ba6 24. c4 Rae8 25. Qc2 Qf5 26. Qa4 Bb7 27. b4 Qh5 28. Qa3 Qe2 29. b5 Qxc4 30. Rc1 Qxb5 31. Rb1 Qa6 32. Qb4 Ba8 33. Rbe1 c5 0-1

[Event "HUN-chT2 Barcza 2122"]
[White "Kovacs, Marton"]
[Black "Karacsony, Zsolt"]
[Site "Hungary"]
[Round "7.7"]
[Result "1-0"]
[Date "2022.02.27"]
[WhiteElo "2113"]
[BlackElo "1989"]
[PlyCount "95"]
[EventDate "2021.10.10"]
[EventType "team-tourn"]
[EventRounds "9"]
[EventCountry "HUN"]
[SourceTitle "EXT 2025"]
[Source "ChessBase"]
[SourceDate "2024.10.14"]
[SourceVersion "1"]
[SourceVersionDate "2024.10.14"]
[SourceQuality "1"]
[WhiteTeam "Hajduboszormeny"]
[BlackTeam "Szirmabesenyo"]
[WhiteTeamCountry "HUN"]
[BlackTeamCountry "HUN"]

1. d4 Nf6 2. Bf4 e6 3. Nf3 c5 4. e3 d5 5. c3 Nc6 6. Nbd2 Bd6 7. Bg3 c4 8. Qc2 b5 9. e4 Bxg3 10. hxg3 Nxe4 11. Nxe4 dxe4 12. Qxe4 Qd5 13. Qxd5 exd5 14. Rh5 Be6 15. Be2 h6 16. Ne5 g6 17. Rh4 Nxe5 18. dxe5 Kd7 19. g4 h5 20. gxh5 gxh5 21. 0-0-0 Rag8 22. Bf3 Kc6 23. Rdh1 Rg5 24. Rxh5 Rhxh5 25. Rxh5 Rxh5 26. Bxh5 d4 27. f4 d3 28. Kd2 Bd5 29. g3 Kd7 30. Bg4+ Ke7 31. Ke3 Bg2 32. Bf5 Bf1 33. Be4 Bh3 34. Bf3 Kd7 35. a4 a6 36. Bb7 bxa4 37. Bxa6 Be6 38. Bb5+ Kc7 39. Bxa4 Kb6 40. Bd1 Kc5 41. Bf3 Bf5 42. g4 Bd7 43. f5 Bc8 44. Be4 Bd7 45. g5 Be8 46. e6 fxe6 47. f6 Kd6 48. g6 1-0

[Event "HUN-chT2 Barcza 2122"]
[White "Zelena, Tamas"]
[Black "Kovacs, Marton"]
[Site "Hungary"]
[Round "3.7"]
[Result "1/2-1/2"]
[Date "2021.12.05"]
[WhiteElo "1930"]
[BlackElo "2119"]
[PlyCount "145"]
[EventDate "2021.10.10"]
[EventType "team-tourn"]
[EventRounds "9"]
[EventCountry "HUN"]
[SourceTitle "EXT 2025"]
[Source "ChessBase"]
[SourceDate "2024.10.14"]
[SourceVersion "1"]
[SourceVersionDate "2024.10.14"]
[SourceQuality "1"]
[WhiteTeam "Miskolc KisBocsok"]
[BlackTeam "Hajduboszormeny"]
[WhiteTeamCountry "HUN"]
[BlackTeamCountry "HUN"]

1. e4 g6 2. d4 Bg7 3. Nc3 c5 4. Be3 Qa5 5. Qd2 d6 6. Nb5 Qxd2+ 7. Bxd2 Na6 8. dxc5 dxc5 9. 0-0-0 Nf6 10. f3 0-0 11. Bc4 Nb4 12. Be3 Nd7 13. Nc7 Rb8 14. Bf4 Ne5 15. Bxe5 Bxe5 16. Nd5 Nxd5 17. exd5 Rd8 18. g3 b5 19. Be2 Bb7 20. f4 Bd4 21. Bf3 Bxd5 22. Bxd5 Rxd5 23. Nf3 Rbd8 24. Nxd4 Rxd4 25. Rxd4 Rxd4 26. Re1 Rd7 27. Re5 Rc7 28. b4 f6 29. Rd5 Kf7 30. bxc5 Ke6 31. Rd8 Rxc5 32. Ra8 Rc7 33. Rb8 a6 34. Rb6+ Kf5 35. Rxa6 Kg4 36. Rb6 Rc5 37. Re6 Kh3 38. Re2 Rc7 39. Kb2 Kg4 40. Kb3 Kf3 41. Re6 h5 42. Re1 h4 43. gxh4 Kxf4 44. Rg1 Kf5 45. h3 e5 46. Rf1+ Ke6 47. Rg1 Kf7 48. Kb4 Rxc2 49. a3 Rb2+ 50. Kc3 Ra2 51. Kb4 f5 52. h5 gxh5 53. Rg5 Kf6 54. Rxh5 e4 55. Rh8 Ke5 56. h4 f4 57. h5 Kd4 58. h6 Rb2+ 59. Ka5 Rb3 60. h7 Rxa3+ 61. Kxb5 Rb3+ 62. Ka4 Rh3 63. Rd8+ Kc3 64. Rc8+ Kd3 65. h8Q Rxh8 66. Rxh8 f3 67. Rf8 Ke2 68. Kb3 e3 69. Kc3 Kf2 70. Re8 e2 71. Kd2 Kf1 72. Re3 Kf2 73. Rxf3+ 1/2-1/2

[Event "HUN-chT2 Barcza 1819"]
[White "Pasztor, Lorant"]
[Black "Kovacs, Marton"]
[Site "Hungary"]
[Round "11.4"]
[Result "0-1"]
[Date "2019.04.28"]
[WhiteElo "1864"]
[BlackElo "2115"]
[PlyCount "68"]
[EventDate "2018.09.23"]
[EventType "team-tourn"]
[EventRounds "11"]
[EventCountry "HUN"]
[SourceTitle "EXT 2021"]
[Source "ChessBase"]
[SourceDate "2020.10.23"]
[SourceVersion "1"]
[SourceVersionDate "2020.10.23"]
[SourceQuality "1"]
[WhiteTeam "Szirmabesenyo"]
[BlackTeam "Hajduboszormeny"]
[WhiteTeamCountry "HUN"]
[BlackTeamCountry "HUN"]

1. d4 c5 2. d5 b5 3. c4 Nf6 4. g3 Bb7 5. Bg2 e6 6. e4 d6 7. Ne2 Nbd7 8. cxb5 exd5 9. exd5 g6 10. 0-0 Bg7 11. Nbc3 0-0 12. Bg5 Qa5 13. Qb3 a6 14. a4 Rfe8 15. Rfe1 Ne5 16. Bxf6 Bxf6 17. Qc2 Bg7 18. Ne4 Red8 19. N4c3 c4 20. Nd4 axb5 21. Ndxb5 Qb4 22. Re4 Bc8 23. Nd4 Qc5 24. b4 cxb3 25. Nxb3 Qc7 26. Rc1 Bf5 27. a5 Bxe4 28. Qxe4 Rdb8 29. Nd4 Rxa5 30. f4 Ng4 31. Nce2 Rc5 32. Rxc5 Qxc5 33. Bf3 Nf6 34. Qe7 Re8 0-1

[Event "HUN-chT2 Barcza 1819"]
[White "Hevesi, Zoltan"]
[Black "Kovacs, Marton"]
[Site "Hungary"]
[Round "5.5"]
[Result "1/2-1/2"]
[Date "2018.12.02"]
[WhiteElo "2043"]
[BlackElo "2115"]
[PlyCount "50"]
[EventDate "2018.09.23"]
[EventType "team-tourn"]
[EventRounds "11"]
[EventCountry "HUN"]
[SourceTitle "CBM 189 Extra"]
[Source "ChessBase"]
[SourceDate "2019.05.31"]
[SourceVersion "1"]
[SourceVersionDate "2019.05.31"]
[SourceQuality "1"]
[WhiteTeam "Mezokovesd"]
[BlackTeam "Hajduboszormeny"]
[WhiteTeamCountry "HUN"]
[BlackTeamCountry "HUN"]

1. d4 d5 2. Nf3 c5 3. c4 e6 4. e3 Nc6 5. Bd3 Nf6 6. 0-0 Be7 7. Nc3 0-0 8. b3 b6 9. Bb2 Bb7 10. Rc1 Rc8 11. dxc5 dxc4 12. Bxc4 Bxc5 13. Qxd8 Rfxd8 14. Rfd1 h6 15. h3 Be7 16. Be2 Nb4 17. Nd4 Bc5 18. a3 Bxd4 19. Rxd4 Rxd4 20. exd4 Nbd5 21. Nb5 Rxc1+ 22. Bxc1 Ba6 23. Kf1 Bxb5 24. Bxb5 Kf8 25. a4 Ne4 1/2-1/2

[Event "Budapest Art Pub op 9th"]
[White "Kovacs, Marton"]
[Black "Geher, Koppany"]
[Site "Budapest"]
[Round "4"]
[Result "1-0"]
[Date "2015.11.21"]
[WhiteElo "2141"]
[BlackElo "1529"]
[PlyCount "49"]
[EventDate "2015.11.20"]
[EventType "swiss"]
[EventRounds "6"]
[EventCountry "HUN"]
[SourceTitle "CBM 169 Extra"]
[Source "ChessBase"]
[SourceDate "2015.12.18"]
[SourceVersion "1"]
[SourceVersionDate "2015.12.18"]
[SourceQuality "1"]

1. d4 Nf6 2. Nf3 g6 3. Bf4 Bg7 4. Nc3 d5 5. Nb5 Na6 6. e3 c6 7. Nc3 Nc7 8. Be2 0-0 9. h3 b6 10. Ne5 Bb7 11. Ng4 Ne6 12. Bh6 Re8 13. Qd2 Bh8 14. Ne5 Nd7 15. f4 Ng7 16. g4 f6 17. Nxd7 Qxd7 18. 0-0-0 e6 19. e4 Re7 20. Rdf1 f5 21. gxf5 exf5 22. e5 Qe6 23. h4 Bc8 24. Bf3 Bd7 25. Qg2 1-0

[Event "Puspokladany Arnoth Memorial-A 08th"]
[White "Kovacs, Marton"]
[Black "Ats, Laszlo Gyorgy"]
[Site "Puspokladany"]
[Round "9"]
[Result "1-0"]
[Date "2015.08.02"]
[WhiteElo "2132"]
[BlackElo "2012"]
[PlyCount "31"]
[EventDate "2015.07.29"]
[EventType "swiss"]
[EventRounds "9"]
[EventCountry "HUN"]
[SourceTitle "EXT 2025"]
[Source "ChessBase"]
[SourceDate "2024.10.14"]
[SourceVersion "1"]
[SourceVersionDate "2024.10.14"]
[SourceQuality "1"]

1. c4 e5 2. g3 Nf6 3. Bg2 Nc6 4. Nc3 Bb4 5. Nd5 Nxd5 6. cxd5 Ne7 7. e3 0-0 8. Ne2 d6 9. 0-0 f5 10. d4 e4 11. Qa4 Nxd5 12. a3 Bd7 13. Qb3 Be6 14. axb4 Nf4 15. Qc2 Nd3 16. Nf4 1-0

[Event "Puspokladany Arnoth Memorial-A 08th"]
[White "Csala, Jan"]
[Black "Kovacs, Marton"]
[Site "Puspokladany"]
[Round "6"]
[Result "1/2-1/2"]
[Date "2015.08.01"]
[WhiteElo "2159"]
[BlackElo "2132"]
[PlyCount "114"]
[EventDate "2015.07.29"]
[EventType "swiss"]
[EventRounds "9"]
[EventCountry "HUN"]
[SourceTitle "EXT 2025"]
[Source "ChessBase"]
[SourceDate "2024.10.14"]
[SourceVersion "1"]
[SourceVersionDate "2024.10.14"]
[SourceQuality "1"]

1. c4 c6 2. e4 d5 3. exd5 cxd5 4. cxd5 Qxd5 5. Nc3 Qd8 6. Nf3 Nf6 7. Bc4 e6 8. 0-0 Be7 9. d4 0-0 10. Qe2 Nbd7 11. Bf4 Nb6 12. Bd3 Nbd5 13. Be5 Bd7 14. h3 Bc6 15. Bh2 Nb4 16. Bb1 Bxf3 17. Qxf3 Qxd4 18. Qxb7 Bd6 19. Bxd6 Qxd6 20. Rd1 Qb6 21. Qxb6 axb6 22. a3 Nbd5 23. Nxd5 Nxd5 24. Be4 Rad8 25. Bxd5 exd5 26. Rac1 Rd6 27. Kf1 Re8 28. Re1 Kf8 29. Rxe8+ Kxe8 30. Rc7 Re6 31. f3 g5 32. Kf2 h5 33. Rc2 Kd7 34. Re2 Kd6 35. g3 Kc5 36. Rc2+ Kd4 37. Rc3 f5 38. Rb3 Rc6 39. Ke1 Rc1+ 40. Kd2 Rh1 41. Rb4+ Kc5 42. h4 g4 43. fxg4 fxg4 44. Rf4 Rh2+ 45. Kc3 Rg2 46. b4+ Kb5 47. Rf5 Rxg3+ 48. Kd4 Rxa3 49. Rxh5 Kxb4 50. Rg5 Ra1 51. Rxg4 Rd1+ 52. Ke3+ Kc3 53. Rg6 b5 54. Rc6+ Kb4 55. h5 Rh1 56. h6 Rh5 57. Kd3 Kb3 1/2-1/2